000 00497nam a2200169 i 4500
001 33324
003 ES-MaACL
005 20230906154734.0
007 t|
008 030202s1964 sp ||||1| spa d
100 1 _aBesson, R.
_928609
245 1 0 _aToda la estereofonía /
_cR. Besson ; [traducida por Manuel Sagardía].
260 _aMadrid :
_bParaninfo,
_c1964.
300 _a191 p. :
_bil. ;
_c22 cm.
700 1 _aSagardía Valcarce, Manuel.
_9101404
852 _aES-MaACL
_jC-26004
_bR.55074
999 _c33324
_d33324